| 000 | 00742cam a22002533a 4500 | ||
|---|---|---|---|
| 001 | 31624 | ||
| 003 | PGUSA | ||
| 005 | 20140828083702.0 | ||
| 008 | 100313s2010||||xxu|||||s|||||000 | eng d | ||
| 040 |
_aPGUSA _beng |
||
| 042 | _adc | ||
| 050 | 4 | _aQD | |
| 100 | 1 | _aWatson, Glen W. | |
| 245 | 1 | 2 |
_aA Brief History of Element Discovery, Synthesis, and Analysis _h[electronic resource] / _cGlen W. Watson |
| 260 |
_bProject Gutenberg, _c2010 |
||
| 506 | _aPublic domain in the USA. | ||
| 516 | _aElectronic text | ||
| 653 | _aChemical elements | ||
| 653 | _aChemistry -- History | ||
| 653 | _aTransuranium elements -- Synthesis | ||
| 830 | 0 |
_aProject Gutenberg _v31624 |
|
| 856 | 4 | 0 | _uhttp://www.gutenberg.org/ebooks/31624 |
| 942 | _cEB | ||
| 999 |
_c260879 _d260879 |
||